عرض عادي عرض مارك
  • AHMED, YUSUF

مدخل إسم شخص

عدد التسجيلات المستخدمة في: 1

001 - رقم الضبط

  • حقل الضبط: 39248

003 - معرف رقم الضبط

  • حقل الضبط: OSt

005 - تاريخ ووقت أخر عملية

  • حقل الضبط: 20131103182650.0

008 - عناصر بيانات ثابتة الطول

  • حقل تحكم ثابت الطول: 131103|||a|||||| | ||| d

040 ## - مصدر الفهرسة

  • هيئة الفهرسة الأصلية: OSt
  • وكالة الكتابة: OSt

100 ## - مدخل -- أسم شخص

  • إسم شخص: AHMED, YUSUF
  • تواريخ مرتبطة بالاسم: 1951-

670 ## - بيانات المصدر موجوده

  • الاستشهاد بالمصدر: Work cat.: (OSt)0: AHMED, YUSUF 1951-, Islamic medicine /, 1986.